Body Parts in Spanish - Statistics

General Stats
  • This quiz has been taken 51 times
  • The average score is 17 of 39
Answer Stats
Hint Answer % Correct
eyes los ojos
77%
teeth los dientes
73%
foot el pie
71%
mouth la boca
71%
hand la mano
71%
face la cara
70%
hair el pelo
68%
heart el corazón
65%
head la cabeza
64%
stomach el estómago
63%
leg la pierna
63%
nose la nariz
60%
fingers los dedos
58%
feet los pies
58%
tongue la lengua
57%
arm el brazo
55%
back la espalda
53%
body el cuerpo
50%
skin la piel
47%
ears las orejas
47%
neck el cuello
45%
lips los labios
42%
shoulder el hombro
40%
forehead la frente
39%
knee la rodilla
37%
throat la garganta
35%
chest el pecho
33%
nails las uñas
32%
elbow el codo
29%
toes los dedos de pie
27%
ankle el tobillo
24%
cheeks las mejillas
23%
wrist la muñeca
20%
eyelashes las pestañas
19%
thumb el pulgar
17%
chin la barbilla
17%
bone el hueso
16%
waist la cintura
14%
eyebrows la cejas
10%
butt el trasero
4%
No matching quizzes found
Score Distribution
Percent of People with Each Score
Percentile by Number Answered
Your Score History
You have not taken this quiz